00461cam a22001697 4500001001300000003000400013005001700017008004100034010001700075040001800092050001200110100003400122245005400156250001300210260005700223300001100280ltf91008831 DLC20260227111551.0910205s1924 gw 000 0 ger  altf91008831  aDLCcDLCdDLC00a4HC 2611 aReichwein, Adolf,d1898-1944.14aDie Rohstoffe der Erde im Bereich der Wirtschaft. a2. Aufl. aJena,bVerlag der Frommannschen Buchhandling,c1924. a100 p.